000 00635nam a2200217Ia 4500
003 GCL
008 140319s9999 xx 000 0 ara d
040 _aGCL /
_cGCL
082 0 4 _a891.7
_bج د
100 1 _aالياس حنا الياس
245 1 0 _aدوستويوسكى : مقالات ومحاضرات /
_cالياس حنا الياس
700 1 _aجيد، اندريه
260 _a[S.N] :
_bمنشورات عويدان
300 _a270 ص
490 _aماريان
_v0
650 0 4 _aالادب
650 0 4 _aالادب الروسى
650 0 4 _aالمقالات
650 0 4 _aتاريخ ونقد
942 _2ddc
_cBK
999 _c36010
_d36010